000 01008nam a2200289 4500
001 110198
003 ES-MaACL
005 20230906185009.0
007 t|
008 061121s1978 sp r ||||1| spa d
020 _a84-7214-065-2
245 0 0 _aOceanografía /
_cintroducción de J. Robert Moore ; versión de Carlos Martín Escorza, Alfonso González Ubanell, Juan Diego Pérez González.
250 _a1ª. ed. reimp.
260 _aMadrid :
_bH. Blume,
_c1978.
300 _a475 p., 3 lám. :
_bil. col. y n. ;
_c28 cm.
490 1 _aBiblioteca Scientific American
504 _aBibliografía: p. [465]-467.
650 0 0 _aOceanografía.
_915678
700 1 _aMoore, J. Robert.
_982817
700 1 _aMartín Escorza, Carlos.
_977482
700 1 _aGonzález Ubanell, Alfonso.
_958992
700 1 _aPérez González, Juan Diego.
_990912
710 2 _aScientific American.
_96515
830 1 _aBiblioteca Scientific American
_9185613
852 _aES-MaACL
_jA-9399
999 _c110198
_d110198